| 000 | 00695nam a2200205 a 4500 | ||
|---|---|---|---|
| 001 | 000042907 | ||
| 005 | 20201002040505.0 | ||
| 008 | 140212s1994 sp ab 001 0 spa d | ||
| 020 | _a847979089X | ||
| 040 |
_aDO-SdBNP _bspa _cBNPHU |
||
| 041 | 1 | 7 |
_aspa _heng |
| 100 | 1 |
_aWright, Ronald, _970365 |
|
| 240 | 1 | 0 |
_aStolen continents. _lEspañol |
| 245 | 1 | 0 |
_aContinentes robados / _cRonald Wright ; traducido del inglés por Nora Muchnik. |
| 246 | 1 | 4 |
_aContinentes robados : _bAmérica vista por los indios desde 1942 |
| 260 |
_aMadrid : _bAnaya & Mario Muchnik, _c1994. |
||
| 300 |
_a495 p. : _bil., mapas ; _c24 cm. |
||
| 504 | _aBibliografía : p. 439-459 | ||
| 700 | 1 | 2 |
_aMuchnik, Nora _etr. _970366 |
| 999 |
_c42396 _d42396 |
||